000 00403nam a2200145Ia 4500
008 100122s9999 xx 000 0 und d
082 _b56045
_a821
100 _aबापट वसंत
245 _aशततारका
260 _bपॉप्युलर प्रकाशन
_c1999
300 _a150
630 _aशततारका
730 _aशततारका
942 _cBOOK
999 _c432565
_d432562